Biodiesel production and properties
Saved in:
| Main Author: | |
|---|---|
| Format: | Book |
| Language: | English |
| Published: |
Cambridge
Royal Society of Chemistry
2012.
|
| Subjects: | |
| Online Access: | View in OPAC |
| Tags: |
No Tags, Be the first to tag this record!
|
MARC
| LEADER | 00000nam a2200000 a 4500 | ||
|---|---|---|---|
| 005 | 20260127134314.0 | ||
| 008 | 131209 2012 000 0 eng d | ||
| 020 | |a 9781849734707 (hbk.) | ||
| 035 | |a vtls010563585 | ||
| 039 | 9 | |y 201312090943 |z mschk03 | |
| 040 | |a STUSCHK1 |b slo |c STUSCHK1 |e AACR2 | ||
| 080 | |a 665.37 | ||
| 100 | 1 | |a Sarin, Amit | |
| 245 | 1 | |a Biodiesel |b production and properties |c Amit Sarin | |
| 260 | |a Cambridge |b Royal Society of Chemistry |c 2012. | ||
| 300 | |a xxiv, 256 p. |b ill. |c 24 cm | ||
| 500 | |a Includes index | ||
| 504 | |a Includes bibliographical references and index. | ||
| 650 | 0 | |a Biodiesel fuels | |
| 910 | |a SCHK95 | ||
| 999 | |c 9347 |d 9347 | ||